00503nam a2200181 a 4500001001300000003000900013005001700022008004100039020001000080082001700090100002400107245004800131260005600179500003500235505001000270650001700280700002400297nice12345678IN_TiNIC20260116011549.0050524s1892 wesa grp 000 0 eng  ac10000a954.025bLAN aLane-Poole, Stanley aHistory of the Moghul Emperors of Hindustan aWestministerbArchibald Constable and Companyc1892 aincludes index and biblioraphy2 aIndex aMughal India1 aLane-Poole, Stanley